Statistics for WWE superstars by theme song lyrics #2

Click here to take the quiz!

General Stats

  • This quiz has been taken 736 times
  • The average score is 8 of 15

Answer Stats

HintAnswer% Correct
Booyaka booyaka, 619Rey Mysterio
98%
Break the walls down! / For those about to rock and what ya want / Baby you know you're Judas and I'm your priest Chris Jericho
96%
Viva la raza! / I lie, I cheat, I stealEddie Guerrero
90%
SOS! I hear them shoutin' / SOS! I hear them cryin'Kofi Kingston
77%
Somebody gon' get they ass kicked / Somebody gon' get their wig splitMark Henry
71%
You think you can tell us what to do? / You think you can tell us what to wear? / You think that you're better? / Well you better get ready to bow to the masters / Break it down!D-Generation X
70%
Oh, you didn't know? / Your ass better caaaaaaall somebody!Road Dogg
61%
No, they don't want none / No, they don't want none / They looking scared no they don't really want none...AJ Styles
56%
Hey! Nothing you can say / Nothing's gonna change what you've done to meRandy Orton
50%
The fear I see when I look in your eyes / Makes you believe I'm one of a kindRob Van Dam
40%
I'm back! / And better than ever / Got a knack / For making things betterEric Bischoff
36%
Don't treat me like a woman / Don't treat me like a man / Don't treat me like you know me / Treat me for just who and what I amChyna
33%
I can slap a tornado / I can dry up a sea, yeah / When I live for the moment / There ain't no ain't knowin' meMatt Hardy
28%
So f*** your rules man / You step off you'll go down fast / I've got to release all the / S*** that has made up my pastLita
14%
Get up, get up, get up, drop the bombshell / Get up, get up, this is out of controlDudley Boys
11%

Score Distribution

Percentile by Number Answered

Percent of People with Each Score

Your Score History

You have not taken this quiz